000 00691nam a2200289Ia 4500
005 20260324143449.0
008 008 260324s9999 xx 000 0 eng d
020 _a9781315134611
037 _aEBOOK
040 _aCRL
040 _beng
040 _cCRL
041 _2eng
041 _aeng
084 _qCRL
100 _aHoward Schwartz
_91192257
245 4 _aThe Rise and Fall of Philanthropy in East Africa
245 4 _bThe Asian Contribution
260 _bTaylor and Francis
260 _c1992
365 _a
365 _b230
856 _uhttp://www.taylorfrancis.com/books/9781315134611
942 _cEBOOK
999 _c1821164
_d1821164